| 000 | 00562nam a2200193 a 4500 | ||
|---|---|---|---|
| 001 | BRCA_2626 | ||
| 005 | 20190320203909.0 | ||
| 008 | 011208s1950----fr-a---###---#000-0#fre-u | ||
| 050 | 4 |
_aNK4225 _b.G74 1950 |
|
| 100 | 1 |
_aGreber, Edouard _97483 |
|
| 245 | 1 | 0 |
_aTraite de ceramique _bterres cuites, produits refractaires, faiences, gres, porcelaines _cEdouard Greber. |
| 260 |
_aParis _bLarousse _c1950 |
||
| 300 |
_a654 p. _bil. _c19 cm. |
||
| 500 | _aIncluye índice analítico. | ||
| 500 | _aA98 | ||
| 650 | 1 | 4 |
_aCerámica _91200 |
| 902 | _aGFM | ||
| 942 |
_2lcc _cB |
||
| 999 |
_c2366 _d2366 |
||